<?xml version="1.0" encoding="UTF-8"?>
<record
    xmlns:xsi="http://www.w3.org/2001/XMLSchema-instance"
    xsi:schemaLocation="http://www.loc.gov/MARC21/slim http://www.loc.gov/standards/marcxml/schema/MARC21slim.xsd"
    xmlns="http://www.loc.gov/MARC21/slim">

  <leader>01494nam a22002417a 4500</leader>
  <controlfield tag="003">OSt</controlfield>
  <controlfield tag="005">20220308154205.0</controlfield>
  <controlfield tag="008">110819t        xxu||||| |||| 00| 0 eng d</controlfield>
  <datafield tag="020" ind1=" " ind2=" ">
    <subfield code="a">9781418836399</subfield>
  </datafield>
  <datafield tag="020" ind1=" " ind2=" ">
    <subfield code="a">1418836397</subfield>
  </datafield>
  <datafield tag="040" ind1=" " ind2=" ">
    <subfield code="c">LC</subfield>
  </datafield>
  <datafield tag="050" ind1=" " ind2=" ">
    <subfield code="a">QA76.73.C153M11</subfield>
  </datafield>
  <datafield tag="100" ind1=" " ind2=" ">
    <subfield code="a"> Malik D.S.</subfield>
  </datafield>
  <datafield tag="245" ind1=" " ind2=" ">
    <subfield code="a">C++ programming : from problem analysis to program design </subfield>
    <subfield code="c">D.S. Malik</subfield>
  </datafield>
  <datafield tag="250" ind1=" " ind2=" ">
    <subfield code="a">3rd ed</subfield>
  </datafield>
  <datafield tag="260" ind1=" " ind2=" ">
    <subfield code="a">Boston, MA</subfield>
    <subfield code="b">Thomson Course Technology</subfield>
    <subfield code="c">2007</subfield>
  </datafield>
  <datafield tag="300" ind1=" " ind2=" ">
    <subfield code="a">xxxix, 1344 p.</subfield>
    <subfield code="b">col. ill. </subfield>
    <subfield code="c">23 cm</subfield>
  </datafield>
  <datafield tag="500" ind1=" " ind2=" ">
    <subfield code="a">Includes index.</subfield>
  </datafield>
  <datafield tag="505" ind1=" " ind2=" ">
    <subfield code="a">Contents: An overview of computers and programming languages -- Basic elements of C++ -- Input/output -- Control structures I (selection) --  Control structures II (Repetition) -- User-defined Function I --User-defined Function II -- User-defined simple data types, namespaces, and the string type -- Arrays and Strings -- Application of arrays (searching and sorting) and the vector type --Records (structs) -- Classes and data abstractions -- Inheritance and compositions -- Pointers, Classes, virtual functions, and abstract classes -- Overloading and Templates -- Exception handling -- Recursion -- Linked Lists -- Stacks and queues</subfield>
  </datafield>
  <datafield tag="520" ind1=" " ind2=" ">
    <subfield code="a">Summary: Written for the students, this book uses problem solving to offer coverage of introductory C++ programming topics and then moves on to more advanced concepts. It contains numerous explanations and examples</subfield>
  </datafield>
  <datafield tag="650" ind1=" " ind2=" ">
    <subfield code="a">C++ (Computer program language) </subfield>
  </datafield>
  <datafield tag="942" ind1=" " ind2=" ">
    <subfield code="2">ddc</subfield>
    <subfield code="c">BK</subfield>
  </datafield>
  <datafield tag="999" ind1=" " ind2=" ">
    <subfield code="c">15</subfield>
    <subfield code="d">7515</subfield>
  </datafield>
  <datafield tag="952" ind1=" " ind2=" ">
    <subfield code="0">0</subfield>
    <subfield code="1">0</subfield>
    <subfield code="2">lcc</subfield>
    <subfield code="4">0</subfield>
    <subfield code="7">0</subfield>
    <subfield code="a">WIUC-1</subfield>
    <subfield code="b">WIUC-1</subfield>
    <subfield code="c">GEN</subfield>
    <subfield code="d">2011-08-19</subfield>
    <subfield code="l">0</subfield>
    <subfield code="o">QA76.73.C153M11</subfield>
    <subfield code="p">020/11</subfield>
    <subfield code="r">2011-08-19 00:00:00</subfield>
    <subfield code="t">1</subfield>
    <subfield code="w">2011-08-19</subfield>
    <subfield code="y">BK</subfield>
  </datafield>
  <datafield tag="952" ind1=" " ind2=" ">
    <subfield code="0">0</subfield>
    <subfield code="1">0</subfield>
    <subfield code="2">lcc</subfield>
    <subfield code="4">0</subfield>
    <subfield code="7">0</subfield>
    <subfield code="a">WIUC-1</subfield>
    <subfield code="b">WIUC-1</subfield>
    <subfield code="c">GEN</subfield>
    <subfield code="d">2011-08-19</subfield>
    <subfield code="l">0</subfield>
    <subfield code="o">QA76.73.C153M111</subfield>
    <subfield code="p">021/11</subfield>
    <subfield code="r">2011-08-19 00:00:00</subfield>
    <subfield code="t">2</subfield>
    <subfield code="w">2011-08-19</subfield>
    <subfield code="y">BK</subfield>
  </datafield>
  <datafield tag="952" ind1=" " ind2=" ">
    <subfield code="0">0</subfield>
    <subfield code="1">0</subfield>
    <subfield code="2">lcc</subfield>
    <subfield code="4">0</subfield>
    <subfield code="7">0</subfield>
    <subfield code="a">WIUC-1</subfield>
    <subfield code="b">WIUC-1</subfield>
    <subfield code="c">GEN</subfield>
    <subfield code="d">2011-08-19</subfield>
    <subfield code="l">0</subfield>
    <subfield code="o">QA76.73.C153M112</subfield>
    <subfield code="p">022/11</subfield>
    <subfield code="r">2011-08-19 00:00:00</subfield>
    <subfield code="t">3</subfield>
    <subfield code="w">2011-08-19</subfield>
    <subfield code="y">BK</subfield>
  </datafield>
  <datafield tag="952" ind1=" " ind2=" ">
    <subfield code="0">0</subfield>
    <subfield code="1">0</subfield>
    <subfield code="2">lcc</subfield>
    <subfield code="4">0</subfield>
    <subfield code="7">0</subfield>
    <subfield code="a">WIUC-1</subfield>
    <subfield code="b">WIUC-1</subfield>
    <subfield code="c">GEN</subfield>
    <subfield code="d">2011-08-19</subfield>
    <subfield code="l">0</subfield>
    <subfield code="o">QA76.73.C153M113</subfield>
    <subfield code="p">023/11</subfield>
    <subfield code="r">2011-08-19 00:00:00</subfield>
    <subfield code="t">4</subfield>
    <subfield code="w">2011-08-19</subfield>
    <subfield code="y">BK</subfield>
  </datafield>
  <datafield tag="952" ind1=" " ind2=" ">
    <subfield code="0">0</subfield>
    <subfield code="1">0</subfield>
    <subfield code="2">lcc</subfield>
    <subfield code="4">0</subfield>
    <subfield code="7">0</subfield>
    <subfield code="a">WIUC-1</subfield>
    <subfield code="b">WIUC-1</subfield>
    <subfield code="c">GEN</subfield>
    <subfield code="d">2011-08-19</subfield>
    <subfield code="l">0</subfield>
    <subfield code="o">QA76.73.C153M114</subfield>
    <subfield code="p">024/11</subfield>
    <subfield code="r">2011-08-19 00:00:00</subfield>
    <subfield code="t">5</subfield>
    <subfield code="w">2011-08-19</subfield>
    <subfield code="y">BK</subfield>
  </datafield>
  <datafield tag="952" ind1=" " ind2=" ">
    <subfield code="0">0</subfield>
    <subfield code="1">0</subfield>
    <subfield code="2">lcc</subfield>
    <subfield code="4">0</subfield>
    <subfield code="7">0</subfield>
    <subfield code="a">WIUC-1</subfield>
    <subfield code="b">WIUC-1</subfield>
    <subfield code="c">GEN</subfield>
    <subfield code="d">2011-09-02</subfield>
    <subfield code="l">0</subfield>
    <subfield code="o">QA76.73.C153M115</subfield>
    <subfield code="p">181/11</subfield>
    <subfield code="r">2011-09-02 00:00:00</subfield>
    <subfield code="t">6</subfield>
    <subfield code="w">2011-09-02</subfield>
    <subfield code="y">BK</subfield>
  </datafield>
  <datafield tag="952" ind1=" " ind2=" ">
    <subfield code="0">0</subfield>
    <subfield code="1">0</subfield>
    <subfield code="2">lcc</subfield>
    <subfield code="4">0</subfield>
    <subfield code="7">0</subfield>
    <subfield code="a">WIUC-KL</subfield>
    <subfield code="b">WIUC-KL</subfield>
    <subfield code="c">GEN</subfield>
    <subfield code="d">2019-11-14</subfield>
    <subfield code="l">1</subfield>
    <subfield code="o">QA76.73.C153.M11(3e)</subfield>
    <subfield code="p">K/2248/2248/19</subfield>
    <subfield code="r">2024-10-11 00:00:00</subfield>
    <subfield code="s">2024-10-09</subfield>
    <subfield code="t">1</subfield>
    <subfield code="w">2011-09-02</subfield>
    <subfield code="y">BK</subfield>
  </datafield>
  <datafield tag="952" ind1=" " ind2=" ">
    <subfield code="0">0</subfield>
    <subfield code="1">0</subfield>
    <subfield code="2">lcc</subfield>
    <subfield code="4">0</subfield>
    <subfield code="7">0</subfield>
    <subfield code="a">WIUC-KL</subfield>
    <subfield code="b">WIUC-KL</subfield>
    <subfield code="c">GEN</subfield>
    <subfield code="d">2019-11-14</subfield>
    <subfield code="o">QA76.73.C153.M111(3e)</subfield>
    <subfield code="p">K/2249/2249/19</subfield>
    <subfield code="r">2022-03-08 00:00:00</subfield>
    <subfield code="t">2</subfield>
    <subfield code="w">2011-09-02</subfield>
    <subfield code="y">BK</subfield>
  </datafield>
</record>
